000 00504nam a2200181Ia 4500
001 8795
005 20260306160636.0
008 260306t2008||||xx |||||||||||||| ||spa||
041 _aESP
082 _a371.337
_bA76
100 _aAroca Cebrián, Isabel
_eAUT
245 0 _aTécnicas de presentación y creación de ambientes:
_bpara grupos de cualquier ámbito, modalidad y nivel
260 _c2008
300 _a178 páginas :
_c21 cm.
650 _aGEN
654 _aCED
942 _cLIB
_dJUS
_fJUS
_2ddc
_n
999 _c8795
_d8795